000 00573nam a2200217Ia 4500
003 OSt
005 20220926045714.0
006 a|||||r|||| 00| 0
007 ta
008 220923b |||||||| |||| 00| 0 eng d
037 _cGeneral Book
040 _aRTL
_cRTL
_beng
041 _2eng
_aeng
082 _aY9(T).72.N8, M6/TD
100 _aMcLAREN Peter
_9139698
245 0 _aSchooling as a ritual performance.
260 _c1986
300 _axviii,326p
_ccm.
942 _hY9(T).72.N8, M6/TD
_cGB
_2CC
999 _c678490
_d678490